| 000 -LEADER |
| fixed length control field |
00351nam a2200133Ia 4500 |
| 008 - FIXED-LENGTH DATA ELEMENTS--GENERAL INFORMATION |
| fixed length control field |
200103s9999||||xx |||||||||||||| ||und|| |
| 020 ## - INTERNATIONAL STANDARD BOOK NUMBER |
| International Standard Book Number |
9780707716152 |
| 082 ## - DEWEY DECIMAL CLASSIFICATION NUMBER |
| Classification number |
Column-8 |
| 100 ## - MAIN ENTRY--PERSONAL NAME |
| Personal name |
Admiralty |
| 245 #0 - TITLE STATEMENT |
| Title |
Annual Summary of Admiralty Notices to Mariners |
| 260 ## - PUBLICATION, DISTRIBUTION, ETC. (IMPRINT) |
| Name of publisher, distributor, etc |
Admirality Charts and Publications |
| Date of publication, distribution, etc |
2006 |
| 942 ## - ADDED ENTRY ELEMENTS (KOHA) |
| Item type |
Books |